Les premiers ministres de la Ve République - Statistiques

Statistiques générales
  • Ce quiz a été pris 469 fois
    131 depuis la dernière actualisation
  • Le résultat moyen est 21 sur 29
Statistiques - réponses
Période Premier Ministre % Correct
2024- 2024 Gabriel Attal
99%
2022-2024 Élisabeth borne
96%
2024-2025 François Bayrou
96%
2025-???? Sébastien Lecornu
95%
1986-1988 Jacques Chirac
93%
1974-1976 Jacques Chirac
93%
2020-2022 Jean Castex
91%
2017-2020 Édouard Philippe
89%
2024-2024 Michel Barnier
89%
1962-1968 Georges Pompidou
87%
1997-2002 Lionel Jospin
86%
2014-2016 Manuel Valls
81%
2007-2012 François Fillon
80%
1991-1992 Édith Cresson
76%
2005-2007 Dominique de Villepin
75%
1959-1962 Michel Debré
73%
1993-1995 Édouard Balladur
72%
1995-1995 Alain Juppé
67%
2016-2017 Bernard Cazeneuve
66%
1988-1991 Michel Rocard
62%
1992-1993 Pierre Bérégovoy
62%
1969-1972 Jacques Chaban-Delmas
59%
2012-2014 Jean-Marc Ayrault
58%
1984-1986 Laurent Fabius
58%
1981-1984 Pierre Mauroy
53%
2002-2005 Jean-Pierre Raffarin
49%
1976-1981 Raymond Barre
47%
1968-1969 Maurice Couve de Murville
44%
1972-1974 Pierre Messmer
41%
Aucun quiz correspondant
Distribution des résultats
% des personnes avec chaque résultat
Percentile par nombre de réponses
Votre historique - résultats
Vous n’avez pas pris ce quiz depuis la dernière actualisation